| 000 | 00398nam a22000857a 4500 | ||
|---|---|---|---|
| 100 | _aPhilip, S. | ||
| 245 | _aBlue-white screening | ||
| 260 | _bIn: Recent Advances in Molecular Biology and Biotechnology: DBT Skill Vigyan State Partnership Programme Faculty Training 2024. (Comp. C. Bindu Roy). 6-19 March 2024, Rubber Research Institute of India, Kottayam, India, pp. 145-146. Lab Manual | ||
| 942 | _cAR | ||
| 999 |
_c75450 _d75450 |
||